书目信息 |
| 题名: |
领袖论
|
|
| 作者: | 詹姆斯·麦格雷·伯恩斯 | |
| 分册: | ||
| 出版信息: | 中国社会科学出版社 |
|
| 页数: | 545 | |
| 开本: | 20cm | |
| 丛书名: | ||
| 单 册: | ||
| 中图分类: | B038 | |
| 科图分类: | ||
| 主题词: | 历史唯物主义 | |
| 电子资源: | ||
| ISBN: | 7-5004-1920-1 | |
| 000 | 00549nam0 2200181 450 | |
| 001 | 0760515518 | |
| 005 | 20070817164835.51 | |
| 010 | @a7-5004-1920-1@d¥23.00 | |
| 100 | @a20070817d km y0chiy0120 ea | |
| 101 | 0 | @achi |
| 200 | 1 | @a领袖论@Aling xiu lun@f(美)詹姆斯.麦格雷.伯恩斯@F(mei)zhan mu si.mai ge lei.bo en si |
| 210 | @c中国社会科学出版社 | |
| 215 | @a545@d20cm | |
| 606 | 0 | @a历史唯物主义 |
| 690 | @aB038@v3 | |
| 701 | 0 | @a詹姆斯·麦格雷·伯恩斯@Azhan mu si·mai ge lei·bo en si |
| 801 | 0 | @aCN@bPFT@c20070817 |
| 905 | @a213230@dB038@eg23@f1 | |
| 领袖论/(美)詹姆斯.麦格雷.伯恩斯.-中国社会科学出版社 |
| 545;20cm |
| ISBN 7-5004-1920-1:¥23.00 |
| ● |
| 相关链接 |
|
|
|
|
正题名:领袖论
索取号:B038/g23
 
预约/预借
| 序号 | 登录号 | 条形码 | 馆藏地/架位号 | 状态 | 备注 |
| 1 | 6500199 | 265001990 | 经管系资料室/ [索取号:B038/g23] | 在馆 |